000 00575cam a22002291 4500
001 sa 63002642
003 DLC
005 20260227111935.0
008 890510s1962 ii 000 0 hino
010 _asa 63002642
035 _a(OCoLC)19689034
040 _aDLC
_cWaU
_dDLC
042 _apremarc
043 _aa-ii---
050 0 0 _aPK2040
_b.S36
100 1 _aŚāstrī, Rāmasarūpa.
245 1 0 _aHindī meṃ nīti-kāvya kā vikāsa.
260 _c[1962]
300 _a669 p.
_c23 cm.
500 _aIn Hindi.
650 0 _aHindi poetry
_xHistory and criticism.
999 _c54580
_d54580